| 000 -LEADER |
| fixed length control field |
01845 a2200313 4500 |
| 003 - CONTROL NUMBER IDENTIFIER |
| control field |
OSt |
| 005 - DATE AND TIME OF LATEST TRANSACTION |
| control field |
20180116192341.0 |
| 008 - FIXED-LENGTH DATA ELEMENTS--GENERAL INFORMATION |
| fixed length control field |
120525t xxu||||| |||| 00| 0 eng d |
| 010 ## - LIBRARY OF CONGRESS CONTROL NUMBER |
| LC control number |
2005000058 |
| 020 ## - INTERNATIONAL STANDARD BOOK NUMBER |
| International Standard Book Number |
1558494804 (cloth : alk. paper) |
| 040 ## - CATALOGING SOURCE |
| Transcribing agency |
0 |
| 082 00 - DEWEY DECIMAL CLASSIFICATION NUMBER |
| Classification number |
711.40973 |
| 100 1# - MAIN ENTRY--PERSONAL NAME |
| Personal name |
Nolen, John, |
| 9 (RLIN) |
2269 |
| 245 10 - TITLE STATEMENT |
| Title |
New towns for old : |
| Remainder of title |
achievements in civic improvement in some American small towns and neighborhoods / |
| Statement of responsibility, etc. |
by John Nolen ; new introduction by Charles D. Warren. |
| 260 ## - PUBLICATION, DISTRIBUTION, ETC. |
| Place of publication, distribution, etc. |
Amherst ; |
| -- |
Boston : |
| Name of publisher, distributor, etc. |
University of Massachusetts Press, in association with Library of American Landscape History, Amherst, |
| Date of publication, distribution, etc. |
2005. |
| 300 ## - PHYSICAL DESCRIPTION |
| Extent |
[cxv], 228 p. : |
| Other physical details |
ill., maps ; |
| Dimensions |
21 cm. |
| 490 1# - SERIES STATEMENT |
| Series statement |
American Society of Landscape Architects centennial reprint series |
| 500 ## - GENERAL NOTE |
| General note |
Originally published: Boston, Mass. : Marshall Jones Company, 1927. |
| 505 0# - FORMATTED CONTENTS NOTE |
| Formatted contents note |
Planning the small community -- Town development -- Reshaping an industrial town -- An industrial city built to order -- A village for factory workers -- An old seacoast town -- A war emergency project -- A high-class residential suburb -- A wholesale migration from cities in prospect -- New communities planned to meet new conditions -- Appendices. A. List of the more important city planning reports of towns and small cities -- B. Brief list of the most useful and available books on town city planning. |
| 650 #0 - SUBJECT ADDED ENTRY--TOPICAL TERM |
| Topical term or geographic name entry element |
City planning. |
| 9 (RLIN) |
2270 |
| 650 #0 - SUBJECT ADDED ENTRY--TOPICAL TERM |
| Topical term or geographic name entry element |
Civic improvement. |
| 9 (RLIN) |
2271 |
| 650 #0 - SUBJECT ADDED ENTRY--TOPICAL TERM |
| Topical term or geographic name entry element |
New towns |
| Geographic subdivision |
United States. |
| 9 (RLIN) |
2272 |
| 650 #0 - SUBJECT ADDED ENTRY--TOPICAL TERM |
| Topical term or geographic name entry element |
Cities and towns |
| 9 (RLIN) |
2273 |
| 700 1# - ADDED ENTRY--PERSONAL NAME |
| Personal name |
Warren, Charles D. |
| Dates associated with a name |
1954- |
| 9 (RLIN) |
2274 |
| 830 #0 - SERIES ADDED ENTRY--UNIFORM TITLE |
| Uniform title |
Centennial reprint series. |
| 9 (RLIN) |
2275 |
| 856 41 - ELECTRONIC LOCATION AND ACCESS |
| Materials specified |
Table of contents |
| Uniform Resource Identifier |
<a href="http://www.loc.gov/catdir/toc/ecip055/2005000058.html">http://www.loc.gov/catdir/toc/ecip055/2005000058.html</a> |
| 942 ## - ADDED ENTRY ELEMENTS (KOHA) |
| Institution code [OBSOLETE] |
SADA |
| Koha item type |
Book |
| Call number prefix |
711.40973 NOL 2005 |
| Source of classification or shelving scheme |
|